Online
Catalog

El tesoro de los piratas de Guayacán : (Record no. 6236)

MARC details
000 -CABECERA
campo de control de longitud fija 00716cam a2200193 a 4500
001 - NÚMERO DE CONTROL
campo de control 000006441
005 - FECHA Y HORA DE LA ÚLTIMA TRANSACCIÓN
campo de control 20200929153930.0
008 - DATOS DE LONGITUD FIJA--INFORMACIÓN GENERAL
campo de control de longitud fija 850107s1983 cl a 001 0 spa
040 ## - FUENTE DE LA CATALOGACIÓN
Centro catalogador/agencia de origen DO-SdBNP
Lengua de catalogación spa
Centro/agencia transcriptor BNPHU
082 ## - NÚMERO DE LA CLASIFICACIÓN DECIMAL DEWEY
Número de clasificación 910.453
Número de documento/Ítem L351t
100 1# - ENTRADA PRINCIPAL--NOMBRE DE PERSONA
Nombre de persona Latcham, Ricardo Eduardo,
Fechas asociadas al nombre 1869-1942
9 (RLIN) 17883
245 13 - MENCIÓN DE TÍTULO
Título El tesoro de los piratas de Guayacán :
Resto del título relación verídica /
Mención de responsabilidad, etc. Ricardo E. Latcham.
260 ## - PUBLICACIÓN, DISTRIBUCIÓN, ETC.
Lugar de publicación, distribución, etc. Santiago de Chile :
Nombre del editor, distribuidor, etc. Andrés Bello,
Fecha de publicación, distribución, etc. 1983.
300 ## - DESCRIPCIÓN FÍSICA
Extensión 151 p. :
Otras características físicas il. ;
Dimensiones 19 cm.
490 1# - MENCIÓN DE SERIE
Mención de serie Biblioteca Andrés Bello
Designación de volumen o secuencia no. 63
650 #4 - PUNTO DE ACCESO ADICIONAL DE MATERIA--TÉRMINO DE MATERIA
Término de materia o nombre geográfico como elemento de entrada Tesoros ocultos
Subdivisión geográfica Bahía De Guayacán (Chile{Rpara}
9 (RLIN) 17884
650 #4 - PUNTO DE ACCESO ADICIONAL DE MATERIA--TÉRMINO DE MATERIA
Término de materia o nombre geográfico como elemento de entrada Arqueología latinoamericana
9 (RLIN) 17885
830 #0 - PUNTO DE ACCESO ADICIONAL DE SERIE-TÍTULO UNIFORME
Título uniforme Biblioteca Andrés Bello ;
Designación de volumen o secuencia no. 63
9 (RLIN) 3963
Holdings
Estado de retiro Estado de pérdida Restricciones de uso No para préstamo Código de colección Localización permanente Ubicación/localización actual Ubicación en estantería Fecha de adquisición Número de inventario Total de préstamos Signatura topográfica completa Código de barras Fecha visto por última vez Precio válido a partir de Tipo de ítem Koha
    Préstamo interno   Monografías: Libros y Folletos General General En catalogación 28.08.2009 LF1   910.453 L351t 6441-10 25.06.2020 25.06.2020 Préstamo interno

Powered by Koha